[Event "4NCL Division 3"]
[Site "Daventry Court ENG"]
[Date "2014.05.04"]
[Round "10.77"]
[White "Graham, David B"]
[Black "Lund, D Brett"]
[Result "1-0"]
[WhiteElo "2152"]
[BlackElo "2266"]
[PlyCount "77"]
[EventDate "2014.05.04"]
[WhiteTeam "Sussex Smart Survivors 1"]
[BlackTeam "Spirit of Atticus A"]

1. e4 c5 2. Nc3 a6 3. a4 Nc6 4. f4 g6 5. Nf3 Bg7 6. Bc4 e6 7. f5 Nge7 8. fxe6
fxe6 9. d3 d5 10. Bb3 Qd6 11. O-O O-O 12. Bg5 c4 13. Ba2 Qc5+ 14. Kh1 d4 15.
Bxe7 Qxe7 16. Ne2 cxd3 17. Qxd3 Rd8 18. Nf4 g5 19. Bxe6+ Kh8 20. Nd5 Qxe6 21.
Nxg5 Qg4 22. Nf7+ Kg8 23. h3 Qh5 24. Nc7 Ne5 25. Nxe5 Qxe5 26. Nxa8 Bf8 27.
Qc4+ Be6 28. Qc7 Qg5 29. Rf3 Bd6 30. Qxb7 Qe5 31. Kg1 d3 32. cxd3 Qh2+ 33. Kf1
Qh1+ 34. Ke2 Qxa1 35. Qb6 Rd7 36. e5 Qxa4 37. exd6 Qc2+ 38. Kf1 Rg7 39. Qd8#
1-0

[Event "4NCL Division 3"]
[Site "Daventry Court ENG"]
[Date "2014.05.04"]
[Round "10.78"]
[White "Mitchell, Martin"]
[Black "Grant, David J"]
[Result "0-1"]
[WhiteElo "2217"]
[BlackElo "2111"]
[PlyCount "86"]
[EventDate "2014.05.04"]
[WhiteTeam "Spirit of Atticus A"]
[BlackTeam "Sussex Smart Survivors 1"]

1. d4 Nf6 2. c4 e6 3. Nc3 Bb4 4. e3 b6 5. Nge2 c5 6. a3 Ba5 7. Rb1 Na6 8. Bd2
O-O 9. d5 exd5 10. cxd5 Bb7 11. f3 b5 12. e4 b4 13. axb4 cxb4 14. Nb5 Nc5 15.
Ng3 Qb6 16. Be3 a6 17. Nd4 Bxd5 18. Ndf5 Be6 19. Rc1 b3+ 20. Kf2 Bb4 21. Qd4
Bxf5 22. Nxf5 d6 23. Be2 Ra7 24. Rhd1 Rd7 25. Bg5 Ncxe4+ 26. fxe4 Bc5 27. Bxf6
Bxd4+ 28. Bxd4 Qb7 29. Bf3 Rc8 30. e5 Rc2+ 31. Rxc2 bxc2 32. Rc1 Qb3 33. exd6
Qd3 34. Ne7+ Rxe7 35. dxe7 Qxd4+ 36. Kf1 Qc4+ 37. Kf2 Qc5+ 38. Kf1 Qxe7 39.
Rxc2 g6 40. Rc6 a5 41. b3 Qe5 42. Be2 Qf5+ 43. Ke1 Qb1+ 0-1

[Event "4NCL Division 3"]
[Site "Daventry Court ENG"]
[Date "2014.05.04"]
[Round "10.79"]
[White "Cumming, Rhys"]
[Black "Ackley, Peter JE"]
[Result "0-1"]
[WhiteElo "2038"]
[BlackElo "2016"]
[PlyCount "80"]
[EventDate "2014.05.04"]
[WhiteTeam "Sussex Smart Survivors 1"]
[BlackTeam "Spirit of Atticus A"]

1. e4 g6 2. d4 Bg7 3. Nf3 d6 4. h3 Nf6 5. Bd3 c6 6. O-O O-O 7. Re1 Qc7 8. Nbd2
Nbd7 9. Nf1 e5 10. c3 d5 11. dxe5 Nxe4 12. Bxe4 dxe4 13. Rxe4 Nxe5 14. Bf4
Nxf3+ 15. Qxf3 Qb6 16. Bd6 Qxb2 17. Bxf8 Qxa1 18. Bxg7 Kxg7 19. Re8 Bg4 20. Qe3
Rxe8 21. Qxe8 Be6 22. Qb8 Qxc3 23. Qxb7 a5 24. Qb1 a4 25. Ne3 a3 26. Qc2 Qb2
27. Qxc6 Bxa2 28. Nd1 Qd4 29. Qc1 Be6 30. Nc3 a2 31. Qb2 Qe5 32. Qa1 h5 33. Qc1
g5 34. Qa1 Kg6 35. Qc1 f5 36. Qa1 g4 37. h4 f4 38. Qc1 g3 39. fxg3 Qe3+ 40.
Qxe3 fxe3 0-1

[Event "4NCL Division 3"]
[Site "Daventry Court ENG"]
[Date "2014.05.04"]
[Round "10.80"]
[White "Smith, Andrew P"]
[Black "Bucher, Grant W"]
[Result "1-0"]
[WhiteElo "2145"]
[BlackElo "2060"]
[PlyCount "63"]
[EventDate "2014.05.04"]
[WhiteTeam "Spirit of Atticus A"]
[BlackTeam "Sussex Smart Survivors 1"]

1. e4 e5 2. d4 exd4 3. Qxd4 Nc6 4. Qe3 Nf6 5. Nc3 Bb4 6. Bd2 O-O 7. O-O-O Re8
8. Qg3 Nxe4 9. Nxe4 Rxe4 10. c3 Bf8 11. Bd3 Re8 12. Nf3 d6 13. Ng5 g6 14. f4
Ne7 15. Qf3 Bg7 16. g4 f6 17. Ne4 f5 18. Nf2 c6 19. h4 fxg4 20. Nxg4 Be6 21. h5
Qd7 22. Rdg1 Bd5 23. Qh3 Bxh1 24. Nf6+ Bxf6 25. Qxd7 Bd5 26. hxg6 hxg6 27. Bxg6
Red8 28. Qh3 Kf8 29. f5 Ng8 30. Qh7 b5 31. Bh5 Bxa2 32. Rxg8+ 1-0

[Event "4NCL Division 3"]
[Site "Daventry Court ENG"]
[Date "2014.05.04"]
[Round "10.86"]
[White "Maciol, Ryszard"]
[Black "Savage, Nicholas W"]
[Result "1-0"]
[WhiteElo "2200"]
[BlackElo "1977"]
[PlyCount "114"]
[EventDate "2014.05.04"]
[WhiteTeam "Celtic Tigers 1"]
[BlackTeam "Iceni 1"]

1. d4 Nf6 2. c4 g6 3. Nc3 d5 4. cxd5 Nxd5 5. e4 Nxc3 6. bxc3 Bg7 7. Bc4 c5 8.
Ne2 Nc6 9. Be3 O-O 10. Rc1 cxd4 11. cxd4 Qa5+ 12. Kf1 Qa3 13. Qb3 Qxb3 14. Bxb3
Rd8 15. d5 Na5 16. Ba4 e6 17. Nf4 exd5 18. Nxd5 Be6 19. Ke2 Bxd5 20. exd5 Rxd5
21. Rhd1 Rxd1 22. Kxd1 Nc6 23. Bxc6 bxc6 24. Rxc6 Rd8+ 25. Ke2 Bd4 26. Bg5 Re8+
27. Kf3 Kg7 28. a4 h6 29. Bf4 Re1 30. Ra6 Re7 31. g4 Kh7 32. Rc6 Kg7 33. h4 Kh7
34. Rd6 Bb6 35. Rd5 Bc7 36. Bd2 Kg7 37. Bc3+ Kg8 38. a5 Re6 39. Rc5 Re7 40. Rc6
Be5 41. Rc8+ Kg7 42. Rc7 Re6 43. Bxe5+ Rxe5 44. Rxa7 Rb5 45. Kg3 Rb3+ 46. f3
Ra3 47. Kf4 Ra4+ 48. Ke5 h5 49. gxh5 gxh5 50. f4 Ra1 51. Kf5 Rb1 52. Re7 Rb5+
53. Re5 Rb1 54. Rc5 Rg1 55. Ke4 Kh6 56. Ke5 Kg6 57. Kd6 Rg4 1-0

[Event "4NCL Division 3"]
[Site "Daventry Court ENG"]
[Date "2014.05.04"]
[Round "10.87"]
[White "Feavyour, John A"]
[Black "Kemp, Peter D"]
[Result "0-1"]
[WhiteElo "2047"]
[BlackElo "2162"]
[PlyCount "106"]
[EventDate "2014.05.04"]
[WhiteTeam "Iceni 1"]
[BlackTeam "Celtic Tigers 1"]

1. d4 f5 2. Nc3 Nf6 3. Bg5 d5 4. h4 Ne4 5. Nxe4 fxe4 6. e3 Be6 7. Be2 Nd7 8. f3
exf3 9. Nxf3 c6 10. O-O Nf6 11. Bf4 Bg4 12. Ne5 Bxe2 13. Qxe2 Qc8 14. c4 Qe6
15. Rac1 g6 16. b4 dxc4 17. Qxc4 Qxc4 18. Nxc4 Rd8 19. Bc7 Rd7 20. Bb8 Bh6 21.
Rce1 O-O 22. Be5 Nd5 23. Rxf8+ Kxf8 24. a3 b5 25. Na5 Nxe3 26. Nxc6 Nc4 27. Bb8
Bg7 28. Bxa7 Rxa7 29. Nxa7 Bxd4+ 30. Kf1 Bxa7 31. Ke2 Bb6 32. Ra1 Bd4 33. Ra2
Nb6 34. Kd3 e5 35. Ke4 Ke7 36. Rc2 Kd6 37. g4 Nc4 38. Ra2 Ne3 39. Kf3 Nd5 40.
g5 Nc3 41. Rh2 e4+ 42. Kg2 e3 43. Kf1 e2+ 44. Ke1 Be5 45. Rh3 Kd5 46. Kd2 Ke4
47. Re3+ Kd4 48. Rh3 Kc4 49. Ke1 Kb3 50. Re3 Bf4 51. Rf3 Bc1 52. a4 bxa4 53. b5
Kc2 0-1

[Event "4NCL Division 3"]
[Site "Daventry Court ENG"]
[Date "2014.05.04"]
[Round "10.88"]
[White "Pedersen, Carsten"]
[Black "Botham, C Paul"]
[Result "1-0"]
[WhiteElo "2140"]
[BlackElo "2032"]
[PlyCount "45"]
[EventDate "2014.05.04"]
[WhiteTeam "Celtic Tigers 1"]
[BlackTeam "Iceni 1"]

1. e4 Nf6 2. Nc3 d6 3. g3 e5 4. Bg2 Be7 5. d3 c6 6. Nge2 Nbd7 7. O-O O-O 8. h3
Qc7 9. a4 b6 10. f4 Bb7 11. Kh1 a6 12. g4 h6 13. Ng3 b5 14. Nf5 Rae8 15. Qe1 b4
16. Nd1 a5 17. Nde3 Nb6 18. fxe5 dxe5 19. Nxe7+ Rxe7 20. Rxf6 gxf6 21. Nf5 Bc8
22. Bxh6 Bxf5 23. gxf5 1-0

[Event "4NCL Division 3"]
[Site "Daventry Court ENG"]
[Date "2014.05.04"]
[Round "10.89"]
[White "Downham, Alan F"]
[Black "Quinn, John M"]
[Result "0-1"]
[WhiteElo "1998"]
[BlackElo "2135"]
[PlyCount "65"]
[EventDate "2014.05.04"]
[WhiteTeam "Iceni 1"]
[BlackTeam "Celtic Tigers 1"]

1. c4 g6 2. Nc3 Bg7 3. g3 d6 4. Bg2 e5 5. e4 Ne7 6. Nge2 Nbc6 7. d3 Be6 8. O-O
O-O 9. Be3 Qd7 10. Nd5 f5 11. Qd2 Rab8 12. Rac1 Nd4 13. Nxd4 exd4 14. Bh6 Bxd5
15. cxd5 Bxh6 16. Qxh6 c5 17. Qd2 f4 18. gxf4 Qg4 19. f5 gxf5 20. f4 Ng6 21.
Kh1 Kh8 22. e5 dxe5 23. fxe5 Nxe5 24. Rxc5 Rg8 25. Rc2 Rbe8 26. Rf4 Qh5 27. Rf1
Qh4 28. Rcc1 Qg4 29. Rf4 Qh5 30. Qf2 Qg5 31. Bf1 Rg7 32. Be2 Ng6 33. Rf1 0-1

[Event "4NCL Division 3"]
[Site "Daventry Court ENG"]
[Date "2014.05.04"]
[Round "10.90"]
[White "Skulte, Christopher"]
[Black "Davison, Chris"]
[Result "1/2-1/2"]
[WhiteElo "1978"]
[BlackElo "1922"]
[PlyCount "65"]
[EventDate "2014.05.04"]
[WhiteTeam "Celtic Tigers 1"]
[BlackTeam "Iceni 1"]

1. e4 e6 2. d4 d5 3. Nd2 Nf6 4. e5 Nfd7 5. Bd3 c5 6. c3 Nc6 7. Ne2 cxd4 8. cxd4
f6 9. Nf4 Nxd4 10. Qh5+ Ke7 11. Ng6+ hxg6 12. exf6+ Nxf6 13. Qxh8 Kf7 14. O-O
e5 15. Nb3 Nxb3 16. axb3 e4 17. Be2 d4 18. Bc4+ Be6 19. Bxe6+ Kxe6 20. Qh3+ Kf7
21. Bf4 Nd5 22. Be5 Nb4 23. Qg3 Nd3 24. Rfd1 Bc5 25. Rxd3 exd3 26. Qxd3 Qd5 27.
f4 Rc8 28. Ra5 Qe6 29. h3 Bb6 30. Ra4 Rd8 31. Kf2 g5 32. Rc4 Rd7 33. Rc2
1/2-1/2

[Event "4NCL Division 3"]
[Site "Daventry Court ENG"]
[Date "2014.05.04"]
[Round "10.95"]
[White "Briscoe, Chris"]
[Black "Okike, David C"]
[Result "0-1"]
[WhiteElo "2207"]
[BlackElo "2159"]
[PlyCount "84"]
[EventDate "2014.05.04"]
[WhiteTeam "Surbiton"]
[BlackTeam "Kings Head 2"]

1. e4 c5 2. Nf3 Nc6 3. d4 cxd4 4. Nxd4 Nf6 5. Nc3 d6 6. Bg5 Qa5 7. Bb5 Bd7 8.
Bxf6 gxf6 9. Qh5 a6 10. Nb3 Qd8 11. Be2 e6 12. O-O-O b5 13. f4 b4 14. Nb1 Qc7
15. Rhf1 a5 16. a4 Nd8 17. Bb5 Bxb5 18. Qxb5+ Qd7 19. Nd4 h5 20. Nd2 Qxb5 21.
Nxb5 Rc8 22. b3 Nb7 23. Nc4 Rc6 24. Kb1 Be7 25. Rf2 h4 26. Re2 Rh5 27. f5 Kd7
28. Red2 Rg5 29. Nd4 Rxc4 30. bxc4 Nc5 31. Nf3 Rg4 32. e5 Ne4 33. exd6 Bd8 34.
Rd4 e5 35. h3 Rf4 36. R4d3 Nc5 37. Rd5 Nxa4 38. Rb5 Nc3+ 39. Kc1 Nxb5 40. cxb5
Bb6 41. Rd5 Rxf5 42. Nxh4 Rf1+ 0-1

[Event "4NCL Division 3"]
[Site "Daventry Court ENG"]
[Date "2014.05.04"]
[Round "10.97"]
[White "Henderson, Ian R"]
[Black "Gilfillan, Andrew"]
[Result "1-0"]
[WhiteElo "2059"]
[BlackElo "1988"]
[PlyCount "59"]
[EventDate "2014.05.04"]
[WhiteTeam "Surbiton"]
[BlackTeam "Kings Head 2"]

1. d4 d5 2. c4 dxc4 3. e3 Nf6 4. Bxc4 a6 5. a4 e6 6. Nf3 Bb4+ 7. Nc3 c5 8. O-O
O-O 9. Qe2 Nc6 10. Rd1 Qe7 11. Ba2 b6 12. Bb1 Bb7 13. Qc2 g6 14. Ba2 Rfd8 15.
d5 exd5 16. Nxd5 Nxd5 17. Rxd5 Rxd5 18. Bxd5 Nd4 19. Bxf7+ Qxf7 20. exd4 Rc8
21. dxc5 Rxc5 22. Qd3 Rd5 23. Qe2 Rf5 24. Bh6 Rxf3 25. gxf3 Bxf3 26. Qe5 Qd7
27. Qb8+ Kf7 28. Qf4+ Qf5 29. Qxb4 Qh3 30. Qf8+ 1-0

[Event "4NCL Division 3"]
[Site "Daventry Court ENG"]
[Date "2014.05.04"]
[Round "10.98"]
[White "Whitehead, David J"]
[Black "Crombleholme, Alan K"]
[Result "0-1"]
[WhiteElo "2013"]
[BlackElo "2101"]
[PlyCount "80"]
[EventDate "2014.05.04"]
[WhiteTeam "Kings Head 2"]
[BlackTeam "Surbiton"]

1. e4 Nf6 2. e5 Nd5 3. d4 d6 4. Nf3 dxe5 5. Nxe5 c6 6. c4 Nb4 7. Be3 Bf5 8. Na3
Nd7 9. Nxd7 Qxd7 10. Be2 e6 11. O-O Be7 12. Qb3 O-O 13. Rfd1 a5 14. Bf4 Bf6 15.
Qg3 Rfd8 16. h4 Qe7 17. h5 Rxd4 18. h6 Rxf4 19. Qxf4 Bxb2 20. Rab1 Bxb1 21.
Nxb1 Rd8 22. a3 Na6 23. Nd2 Qf6 24. Qxf6 Bxf6 25. Ne4 Rxd1+ 26. Bxd1 Be7 27. a4
gxh6 28. Kf1 f5 29. Nd2 Nc5 30. f3 Kf7 31. Ke2 e5 32. Bc2 Ke6 33. g4 fxg4 34.
fxg4 Bg5 35. Ne4 Nxe4 36. Bxe4 Kd6 37. Kd3 Kc5 38. Kc3 Bh4 39. Bc2 Be1+ 40. Kd3
Kb4 0-1

[Event "4NCL Division 3"]
[Site "Daventry Court ENG"]
[Date "2014.05.04"]
[Round "10.99"]
[White "Kalavannan, Koby"]
[Black "Disu, Kayode"]
[Result "1-0"]
[WhiteElo "1881"]
[BlackElo "1896"]
[PlyCount "69"]
[EventDate "2014.05.04"]
[WhiteTeam "Surbiton"]
[BlackTeam "Kings Head 2"]

1. d4 d5 2. Nf3 e6 3. c4 c6 4. Nbd2 f5 5. g3 Nf6 6. Bg2 Bd6 7. Ne5 O-O 8. O-O
Nbd7 9. Ndf3 Ne4 10. b3 Ndf6 11. Bb2 Bd7 12. Nd3 Be8 13. Nfe5 Bh5 14. f3 Ng5
15. Nf4 Qe7 16. Nxh5 Nxh5 17. e4 f4 18. g4 Nf6 19. h4 Nf7 20. Nxf7 Nh5 21. Nxd6
Ng3 22. e5 Qxh4 23. Rf2 g5 24. Bh3 Ne4 25. fxe4 Qxh3 26. Qf3 Qh6 27. exd5 cxd5
28. cxd5 Qg7 29. Rh2 a5 30. dxe6 a4 31. Qxb7 Qg6 32. e7 Qd3 33. exf8=Q+ Rxf8
34. Qe4 Qg3+ 35. Kh1 1-0

[Event "4NCL Division 3"]
[Site "Daventry Court ENG"]
[Date "2014.05.04"]
[Round "10.105"]
[White "Constantinou, Peter"]
[Black "Hall, John"]
[Result "1-0"]
[WhiteElo "2295"]
[BlackElo "2253"]
[PlyCount "35"]
[EventDate "2014.05.04"]
[WhiteTeam "MK Phoenix 1"]
[BlackTeam "Leeds University Old Boys"]

1. d4 Nf6 2. c3 b6 3. Bg5 Ne4 4. Bh4 g5 5. f3 gxh4 6. fxe4 Bh6 7. e3 e6 8. Nh3
Bb7 9. Qf3 O-O 10. Bd3 f5 11. Nd2 Bg7 12. Qh5 Qe8 13. Qxh4 fxe4 14. Nxe4 Ba6
15. Nd6 Bxd3 16. Nxe8 Rxe8 17. O-O-O Bg6 18. Nf4 1-0

[Event "4NCL Division 3"]
[Site "Daventry Court ENG"]
[Date "2014.05.04"]
[Round "10.106"]
[White "Watson, Phil R"]
[Black "Tippleston, Charles E"]
[Result "1-0"]
[WhiteElo "2153"]
[BlackElo "2120"]
[PlyCount "129"]
[EventDate "2014.05.04"]
[WhiteTeam "Leeds University Old Boys"]
[BlackTeam "MK Phoenix 1"]

1. d4 Nf6 2. c4 e6 3. Nc3 Bb4 4. e3 O-O 5. Bd3 d5 6. Nf3 c5 7. O-O Nc6 8. dxc5
Bxc5 9. b3 dxc4 10. Bxc4 a6 11. Bb2 b5 12. Bd3 Bb7 13. Rc1 Qb6 14. Ne4 Be7 15.
Nxf6+ Bxf6 16. Bxf6 gxf6 17. Nd4 Nxd4 18. exd4 f5 19. d5 Rad8 20. dxe6 fxe6 21.
Qe2 Rf7 22. Kh1 e5 23. f3 Qd6 24. Rfd1 Qe6 25. a4 e4 26. axb5 axb5 27. Bxb5
Rxd1+ 28. Rxd1 Bd5 29. Rxd5 Qxd5 30. Bc4 Qe5 31. h4 Qg3 32. fxe4 Qxh4+ 33. Kg1
f4 34. e5 Kg7 35. Bxf7 Kxf7 36. Qf2 Qg5 37. Qa7+ Ke6 38. Qb6+ Kd5 39. Qd6+ Ke4
40. e6 Qg3 41. Qb4+ Kf5 42. e7 Qe3+ 43. Kf1 Qd3+ 44. Ke1 Qe3+ 45. Kd1 Qd3+ 46.
Kc1 Qf1+ 47. Kb2 Qxg2+ 48. Ka3 Qe2 49. Qd6 Kg5 50. Qd8 Qa6+ 51. Kb4 Qb7+ 52.
Kc5 Qa7+ 53. Kc6 Qa6+ 54. Qb6 Qc8+ 55. Qc7 Qe8+ 56. Qd7 Qa8+ 57. Kd6 Qa3+ 58.
Ke6 Qa6+ 59. Qd6 Qc8+ 60. Kf7 Qf5+ 61. Kg7 Qe4 62. Qf6+ Kg4 63. Kf7 Qb7 64.
Qe6+ Kg5 65. Kg8 1-0

[Event "4NCL Division 3"]
[Site "Daventry Court ENG"]
[Date "2014.05.04"]
[Round "10.107"]
[White "Brown, Alan M"]
[Black "Birkin, Mark H"]
[Result "1/2-1/2"]
[WhiteElo "2090"]
[BlackElo "1944"]
[PlyCount "72"]
[EventDate "2014.05.04"]
[WhiteTeam "MK Phoenix 1"]
[BlackTeam "Leeds University Old Boys"]

1. d4 e6 2. c4 f5 3. Nf3 Nf6 4. g3 Be7 5. Bg2 O-O 6. O-O Ne4 7. b3 Bf6 8. Bb2
d6 9. Nbd2 Nxd2 10. Qxd2 Nd7 11. Qc2 Re8 12. Rad1 Re7 13. Rfe1 Qe8 14. e4 fxe4
15. Rxe4 Nf8 16. Qe2 a5 17. Ne1 Rb8 18. a4 b6 19. f4 Ba6 20. d5 Bxb2 21. Qxb2
Bb7 22. Qe2 Qg6 23. Nf3 Rbe8 24. Re1 Qh5 25. Nd4 Qxe2 26. R4xe2 e5 27. fxe5
Rxe5 28. Rxe5 dxe5 29. Bh3 g6 30. Ne6 Nxe6 31. dxe6 e4 32. Rd1 Bc8 33. Rd4 Bxe6
34. Rxe4 Bf7 35. Rxe8+ Bxe8 36. Kf2 Kg7 1/2-1/2

[Event "4NCL Division 3"]
[Site "Daventry Court ENG"]
[Date "2014.05.04"]
[Round "10.108"]
[White "Deighton, Simon"]
[Black "Habershon, Paul F"]
[Result "0-1"]
[WhiteElo "2021"]
[BlackElo "2069"]
[PlyCount "86"]
[EventDate "2014.05.04"]
[WhiteTeam "Leeds University Old Boys"]
[BlackTeam "MK Phoenix 1"]

1. d4 Nf6 2. c4 e6 3. Nc3 c5 4. d5 exd5 5. cxd5 d6 6. e4 g6 7. Nf3 Bg7 8. Bg5
h6 9. Bh4 O-O 10. Nd2 b6 11. Be2 Re8 12. O-O a6 13. a4 Qc7 14. h3 Bb7 15. Qb3
Nbd7 16. Rae1 Rac8 17. Bg3 Ne5 18. Bxe5 Rxe5 19. Nc4 Nxe4 20. Qxb6 Nxc3 21.
Qxc7 Nxe2+ 22. Rxe2 Rxc7 23. Nxe5 Bxe5 24. Rd1 Bd4 25. Re8+ Kg7 26. Rd8 Re7 27.
Rxd6 Re2 28. b4 Bxf2+ 29. Kf1 Ra2 30. Rd7 Bc8 31. Rc7 Bf5 32. bxc5 Bc2 33. Rd2
Be3 34. Rxc2 Rxc2 35. c6 Bf4 36. Ra7 Rc5 37. Rxa6 Rxd5 38. a5 Rc5 39. Ke2 Bc7
40. Ra8 Bxa5 41. Rc8 Kf6 42. Kd3 Ke7 43. Kd4 Bb6 0-1

[Event "4NCL Division 3"]
[Site "Daventry Court ENG"]
[Date "2014.05.04"]
[Round "10.110"]
[White "Bourne, Iain"]
[Black "Smith, Graham M"]
[Result "0-1"]
[WhiteElo "1908"]
[BlackElo "2059"]
[PlyCount "84"]
[EventDate "2014.05.04"]
[WhiteTeam "Leeds University Old Boys"]
[BlackTeam "MK Phoenix 1"]

1. d4 Nf6 2. c4 e6 3. Nc3 Bb4 4. f3 c5 5. d5 b5 6. e4 bxc4 7. Bxc4 exd5 8. Bxd5
Nxd5 9. Qxd5 Nc6 10. Nge2 Ba6 11. Kf2 O-O 12. Rd1 Re8 13. Bf4 Qf6 14. Qxd7 Rad8
15. Qf5 Qxf5 16. exf5 Nd4 17. Ng3 Bc8 18. f6 gxf6 19. Nce4 Kg7 20. a3 Ba5 21.
Nh5+ Kg6 22. Nhxf6 Re6 23. Bg5 Nb3 24. Rab1 Rd4 25. h4 Bd8 26. Ng4 Rexe4 27.
Bxd8 Bxg4 28. fxg4 Nd2 29. Rbc1 Rxd8 30. Rc2 Red4 31. Re1 Nb3 32. Kg3 Rd2 33.
h5+ Kg7 34. Rc3 R8d3+ 35. Rxd3 Rxd3+ 36. Kf4 Nd4 37. Re7 Ne6+ 38. Ke5 Rd2 39.
Rxa7 Rxg2 40. b4 cxb4 41. axb4 Rxg4 42. b5 Rg5+ 0-1

[Event "4NCL Division 3"]
[Site "Daventry Court ENG"]
[Date "2014.05.04"]
[Round "10.115"]
[White "Brijmohun, K Louis"]
[Black "Maleki, Emanuel"]
[Result "0-1"]
[WhiteElo "1978"]
[BlackElo "2261"]
[PlyCount "52"]
[EventDate "2014.05.04"]
[WhiteTeam "Bristol University"]
[BlackTeam "Fermented Sharks"]

1. e4 e6 2. d4 d5 3. Be3 dxe4 4. Nd2 Nf6 5. c3 Bd7 6. g4 Bc6 7. Bg2 h5 8. gxh5
Qd5 9. Ne2 Qxh5 10. Qc2 Ng4 11. Nxe4 Nxe3 12. fxe3 Qh4+ 13. Kf1 Nd7 14. N2g3 f5
15. Nf2 Bxg2+ 16. Kxg2 O-O-O 17. Rag1 g5 18. Kf1 Nf6 19. Nxf5 Qh7 20. Rxg5 Nd7
21. e4 exf5 22. Rxf5 Be7 23. Ke1 Rdf8 24. Rxf8+ Rxf8 25. Kd1 Qh4 26. Ke1 Rxf2
0-1

[Event "4NCL Division 3"]
[Site "Daventry Court ENG"]
[Date "2014.05.04"]
[Round "10.116"]
[White "Thorarinsson, Pall A"]
[Black "Delay, Guillaume"]
[Result "1/2-1/2"]
[WhiteElo "2233"]
[BlackElo "2040"]
[PlyCount "45"]
[EventDate "2014.05.04"]
[WhiteTeam "Fermented Sharks"]
[BlackTeam "Bristol University"]

1. Nf3 c5 2. e4 d6 3. d4 Nf6 4. Nc3 cxd4 5. Nxd4 g6 6. g3 Nc6 7. Nde2 Bg7 8.
Bg2 O-O 9. O-O a6 10. h3 Be6 11. Nf4 Bc4 12. Re1 Rc8 13. Bd2 b5 14. Ncd5 Nd7
15. c3 e5 16. Ne2 Bxd5 17. exd5 Na5 18. b3 f5 19. a4 Rb8 20. axb5 axb5 21. Qc2
Qc7 22. Qa2 Nb7 23. Bf1 1/2-1/2

[Event "4NCL Division 3"]
[Site "Daventry Court ENG"]
[Date "2014.05.04"]
[Round "10.117"]
[White "Thompson, Robert"]
[Black "Farkas, Daniel"]
[Result "1/2-1/2"]
[WhiteElo "1963"]
[BlackElo "2120"]
[PlyCount "46"]
[EventDate "2014.05.04"]
[WhiteTeam "Bristol University"]
[BlackTeam "Fermented Sharks"]

1. Nf3 Nc6 2. d4 d5 3. g3 Bf5 4. Bg2 e6 5. O-O Nb4 6. Ne1 c5 7. dxc5 Bxc5 8.
Nd3 Bxd3 9. cxd3 Nf6 10. Nc3 O-O 11. a3 Nc6 12. b4 Be7 13. Qb3 Rc8 14. Bd2 Nd7
15. Rfc1 Bf6 16. Rab1 Qe7 17. Qd1 Rfd8 18. Na4 Nd4 19. e3 Nb5 20. Qb3 b6 21.
Nc3 Nd6 22. Ne2 b5 23. Bc3 Bxc3 1/2-1/2

[Event "4NCL Division 3"]
[Site "Daventry Court ENG"]
[Date "2014.05.04"]
[Round "10.118"]
[White "Stevenson, James AB"]
[Black "Meadows, Michael"]
[Result "1/2-1/2"]
[WhiteElo "2101"]
[BlackElo "1797"]
[PlyCount "64"]
[EventDate "2014.05.04"]
[WhiteTeam "Fermented Sharks"]
[BlackTeam "Bristol University"]

1. c4 Nf6 2. Nc3 g6 3. g3 Bg7 4. Bg2 O-O 5. Nf3 d6 6. d4 c6 7. O-O Qc7 8. e4 e5
9. d5 Nbd7 10. Ne1 a5 11. Nd3 cxd5 12. cxd5 Nc5 13. h3 b6 14. Re1 Ba6 15. Bf1
Nfd7 16. Nxc5 bxc5 17. Be3 Bxf1 18. Rxf1 f5 19. exf5 gxf5 20. f4 exf4 21. Bxf4
Bd4+ 22. Kg2 Rab8 23. Qd2 Ne5 24. b3 a4 25. Rab1 axb3 26. axb3 Qf7 27. Rfd1 Rb4
28. Bxe5 Bxe5 29. Ne2 f4 30. gxf4 Bxf4 31. Qd3 Be5 32. Rf1 Qg6+ 1/2-1/2

[Event "4NCL Division 3"]
[Site "Daventry Court ENG"]
[Date "2014.05.04"]
[Round "10.119"]
[White "Humphreys, Jerry"]
[Black "Agnew, Alan"]
[Result "0-1"]
[WhiteElo "2059"]
[BlackElo "2081"]
[PlyCount "44"]
[EventDate "2014.05.04"]
[WhiteTeam "Bristol University"]
[BlackTeam "Fermented Sharks"]

1. e4 g6 2. d4 Bg7 3. Nc3 d6 4. f4 Nf6 5. Nf3 c5 6. dxc5 Qa5 7. Bd3 Qxc5 8. Qe2
Nc6 9. Be3 Qa5 10. O-O Bg4 11. Rae1 O-O 12. Kh1 Nd7 13. Qd2 Nc5 14. a3 Rac8 15.
f5 Nxd3 16. cxd3 Bxf3 17. Rxf3 Bxc3 18. bxc3 Ne5 19. Bd4 Nxf3 20. gxf3 e5 21.
Rg1 exd4 22. Qh6 Qe5 0-1

[Event "4NCL Division 3"]
[Site "Daventry Court ENG"]
[Date "2014.05.04"]
[Round "10.120"]
[White "Kay, Jonathan"]
[Black "Young, Daniel J"]
[Result "1/2-1/2"]
[WhiteElo "1945"]
[BlackElo "1768"]
[PlyCount "52"]
[EventDate "2014.05.04"]
[WhiteTeam "Fermented Sharks"]
[BlackTeam "Bristol University"]

1. d4 Nf6 2. Nf3 g6 3. Bf4 Bg7 4. Nc3 d5 5. e3 O-O 6. Be2 c6 7. Ne5 Nbd7 8. h4
h6 9. h5 g5 10. Bh2 Ne4 11. f4 Nxe5 12. Nxe4 dxe4 13. fxe5 Qb6 14. Qc1 Be6 15.
O-O f6 16. exf6 exf6 17. c4 f5 18. Rb1 f4 19. c5 Qd8 20. Bc4 Bd5 21. Kh1 Qd7
22. exf4 Bxd4 23. fxg5 Rxf1+ 24. Bxf1 Qg4 25. Qd1 Qxd1 26. Rxd1 Bxc5 1/2-1/2

[Event "4NCL Division 3"]
[Site "Daventry Court ENG"]
[Date "2014.05.04"]
[Round "10.125"]
[White "Garnett, John S"]
[Black "Sullivan, Daniel JS"]
[Result "1-0"]
[WhiteElo "1998"]
[BlackElo "1966"]
[PlyCount "107"]
[EventDate "2014.05.04"]
[WhiteTeam "e2e4.org.uk 3"]
[BlackTeam "Bradford DCA Knights B"]

1. d4 d5 2. Nf3 Nf6 3. e3 e6 4. Bd3 c5 5. b3 Nc6 6. Bb2 Bd6 7. O-O O-O 8. Ne5
Qc7 9. f4 cxd4 10. exd4 Nb4 11. Nc3 Nxd3 12. Qxd3 a6 13. Rf3 b6 14. Rh3 h6 15.
g4 Bxe5 16. dxe5 Ne4 17. Nxe4 dxe4 18. Qe2 Qc5+ 19. Kf1 e3 20. Rd1 Bb7 21. Bd4
Qc6 22. Bxe3 Qh1+ 23. Bg1 f6 24. Rg3 g5 25. f5 fxe5 26. Qxe5 Qe4 27. Re1 Qxe5
28. Rxe5 exf5 29. gxf5 Rf6 30. Ke2 Raf8 31. Re7 R8f7 32. Rxf7 Kxf7 33. Rc3 Rc6
34. Rxc6 Bxc6 35. Bxb6 Kf6 36. Ke3 Kxf5 37. Kd4 Ke6 38. Kc5 Be4 39. c3 Bb1 40.
a3 Ba2 41. b4 Bb3 42. Ba5 h5 43. Bd8 g4 44. Kb6 Bc4 45. a4 Bb3 46. Kxa6 Bxa4
47. b5 Kd7 48. Bh4 Kc8 49. c4 Bb3 50. c5 Bc4 51. c6 Bd3 52. Kb6 Be2 53. Kc5 Bf1
54. b6 1-0

[Event "4NCL Division 3"]
[Site "Daventry Court ENG"]
[Date "2014.05.04"]
[Round "10.126"]
[White "Hurwitz, Ed JG"]
[Black "Peat, Matthew"]
[Result "1-0"]
[WhiteElo "2022"]
[BlackElo "2071"]
[PlyCount "97"]
[EventDate "2014.05.04"]
[WhiteTeam "Bradford DCA Knights B"]
[BlackTeam "e2e4.org.uk 3"]

1. g3 d5 2. Nf3 Bg4 3. Bg2 Nd7 4. c4 c6 5. cxd5 cxd5 6. Qa4 Bxf3 7. Bxf3 Ngf6
8. Nc3 e6 9. d3 Be7 10. O-O O-O 11. Bd2 Ne5 12. Bg2 Nc6 13. Rac1 Qb6 14. Rb1
Rfc8 15. h3 a6 16. a3 Qd8 17. Qd1 h5 18. Bg5 b5 19. e4 d4 20. Ne2 Nd7 21. Bc1
b4 22. a4 Nc5 23. f4 b3 24. e5 Rab8 25. f5 Nxe5 26. fxe6 Nxe6 27. Nf4 Rc2 28.
Nxe6 fxe6 29. Be4 Qe8 30. Bf4 Bf6 31. Qe1 Rbc8 32. Qa5 R8c5 33. Qxa6 g5 34.
Bxe5 Bxe5 35. Qb7 Rc7 36. Qxb3 Bxg3 37. Rf6 R7c6 38. Rg6+ Kf7 39. Rf1+ Bf2+ 40.
Rxf2+ Rxf2 41. Kxf2 Rd6 42. Rxg5 Qd8 43. Rg3 Rb6 44. Qa3 Qb8 45. Bg6+ Kf6 46.
Be4 Rxb2+ 47. Kf3 h4 48. Rg4 Rb1 49. Rf4+ 1-0